Billie Eilish - Everything I Wanted Lyrics - Statistics

General Stats
  • This quiz has been taken 2,959 times
  • The average score is 258 of 304
Answer Stats
Lyric % Correct
I
100%
a
99%
when
99%
everything
98%
go
98%
wanted
98%
dream
97%
had
97%
you
97%
You
97%
got
96%
no
96%
I'm
95%
the
94%
if
93%
If
93%
and
92%
And
92%
But
92%
but
92%
It
92%
it
92%
to
92%
what
92%
who
92%
do
91%
me
91%
Not
90%
not
90%
then
90%
can
89%
could
89%
hear
89%
they
89%
They
89%
As
88%
as
88%
bein'
88%
here
88%
hurt
88%
nightmare
88%
one
88%
see
88%
Don't
87%
don't
87%
long
87%
honest
86%
might
86%
say
86%
care
85%
so
85%
with
84%
been
83%
head
83%
my
83%
that
83%
think
83%
up
83%
way
83%
would
83%
Would
83%
have
82%
wake
82%
wanna
82%
deserve
81%
was
81%
change
80%
lie
80%
yourself
80%
like
77%
anyone
76%
there
76%
Thought
75%
thought
75%
again
73%
right
73%
why
73%
said
72%
learn
71%
scream
71%
tried
71%
underwater
71%
fly
70%
just
70%
knew
70%
wonder
70%
you'd
69%
daughter
68%
'em
68%
even
68%
Nobody
68%
nobody
68%
somebody's
68%
wouldn't
68%
all
67%
called
66%
straight
66%
weak
66%
noticed
65%
them
65%
cried
64%
Golden
64%
know
64%
off
63%
were
63%
Kinda
61%
instead
60%
let
60%
saw
60%
standing
60%
stepped
60%
felt
59%
ago
57%
year
57%
anybody
56%
feels
55%
yesterday
55%
Coulda
52%
now
52%
Cause
50%
down
49%
from
49%
something
48%
everybody
46%
wants
45%
No matching quizzes found
Score Distribution
Percent of People with Each Score
Percentile by Number Answered
Your Score History
You have not taken this quiz